000 00210nam a2200097Ia 4500
008 170619s9999 xx 000 0 und d
100 _aHUSAIN A
245 0 _aELRCTRICAL POWER SYSTEMS
260 _bCBS
260 _c2010
546 _aENGLISH
999 _c19284
_d19284